000 02932cam a22002054a 4500
005 20250605164331.0
008 250528s ||||||||||||||||||||||||d
035 _a23228
020 _a9789604186921
040 _aGR-AtMCL
_bgre
_dGR-AtMCL
_eAACR2
245 1 _aΔιοίκηση Παραγωγής και Επιχειρησιακών Λειτουργιών
260 _bΤζιόλα,
_c2018
300 _a494
520 _aΣτο παρόν βιβλίο αναλύονται θέματα που αποτελούν τον πυρήνα των αποφάσεων τακτικού επιπέδου της διοίκησης παραγωγής και λειτουργιών όπως: προγραμματισμος/ έλεγχος παραγωγής, χρονοπρογραμματισμός εργασιών, έλεγχος αποθεμάτων και ποσοτικές μέθοδοι προβλέψεων. Εισαγωγή στη Διοίκηση Παραγωγής και Επιχειρησιακών Λειτουργιών, Προγραμματισμός Παραγωγής, Βασικός Προγραμματισμός Παραγωγής, Προγραμματισμός Απαιτήσεων Υλικών, Προγραμματισμός Δυναμικότητας, Έλεγχος Παραγωγής, Επισκόπηση του Μεθοδολογικού Πλαίσιου Just - in - Time, Βασικές Πολιτικές Ελέγχου Παραγωγής Τύπου Έλξης, Προσαρμοστικές Πολιτικές Ελέγχου Παραγωγής Τύπου Έλξης, Συγκριτική Αξιολόγηση Πολιτικών Ελέγχου Παραγωγής Τύπου Έλξης, Χρονοπρογραμματισμός Εργασιών, Χρονοπρογραμματισμός Εργασιών σε Μία Μηχανή, Χρονοπρογραμματισμός Εργασιών σε m Παράλληλες Μηχανές, Χρονοπρογραμματισμός Εργασιών σε m Μηχανές σε Σειρά, Δυναμικός Χρονοπρογραμματισμός Εργασιών, Έλεγχος Αποθεμάτων, Βασικό Μοντέλο Σταθερής Ποσότητας Παραγγελίας, Έλεγχος Αποθεμάτων για Σταθερή και Ανεξάρτητη Ζήτηση, Υπολογιστικές Μέθοδοι στη Διοίκηση Παραγωγής και Λειτουργιών, Ποσοτικές Μέθοδοι Προβλέψεων, Προσομοίωση στη Διοίκηση Παραγωγής και Λειτουργιών, Εφαρμογές στη Γλώσσα Προγραμματισμού C++, Βιβλιογραφία, Ευρετήριο.
700 1 _aΚουλουριώτης Δημήτριος
_98809
700 1 _aΞανθόπουλος Αλέξανδρος
_98810
942 _cBK
999 _c8257
_d8257